Online
Catalog

Qué ha dicho verdaderamente Mac Luhan / (Record no. 20632)

MARC details
000 -CABECERA
campo de control de longitud fija 00708nam a2200229 a 4500
001 - NÚMERO DE CONTROL
campo de control 000021130
005 - FECHA Y HORA DE LA ÚLTIMA TRANSACCIÓN
campo de control 20200930011236.0
008 - DATOS DE LONGITUD FIJA--INFORMACIÓN GENERAL
campo de control de longitud fija 100831s1973 sp r 000 u spa d
020 ## - NÚMERO INTERNACIONAL ESTÁNDAR DEL LIBRO
Número Internacional Estándar del Libro 8420631361
040 ## - FUENTE DE LA CATALOGACIÓN
Centro catalogador/agencia de origen DO-SdBNP
Lengua de catalogación spa
Centro/agencia transcriptor BNPHU
082 ## - NÚMERO DE LA CLASIFICACIÓN DECIMAL DEWEY
Número de clasificación xxx
Número de documento/Ítem B769q
049 ## - FONDOS LOCALES (OCLC)
Fondos de biblioteca BNGR
100 1# - ENTRADA PRINCIPAL--NOMBRE DE PERSONA
Nombre de persona Bourdin, Alain
Fechas asociadas al nombre 1931-1989
9 (RLIN) 44183
240 10 - TÍTULO UNIFORME
Título uniforme Mac Luhan.
Lenguaje de la obra Español
245 13 - MENCIÓN DE TÍTULO
Título Qué ha dicho verdaderamente Mac Luhan /
Mención de responsabilidad, etc. Alain Bourdin; traducción, Lourdes Ortiz.
260 ## - PUBLICACIÓN, DISTRIBUCIÓN, ETC.
Lugar de publicación, distribución, etc. Madrid :
Nombre del editor, distribuidor, etc. DONCEL,
Fecha de publicación, distribución, etc. 1973.
300 ## - DESCRIPCIÓN FÍSICA
Extensión 209 p. ;
Dimensiones 18 cm.
500 ## - NOTA GENERAL
Nota general Incluye cita al pie de páginas
500 ## - NOTA GENERAL
Nota general Incluye lista de obras
534 ## - NOTA SOBRE LA VERSIÓN ORIGINAL
Encabezamiento principal del original Título original :
Mención de título del original Mac Luhan.
700 1# - PUNTO DE ACCESO ADICIONAL--NOMBRE DE PERSONA
Nombre de persona Ortiz, Lourdes
Término indicativo de función/relación tr.
9 (RLIN) 9130
Holdings
Estado de retiro Estado de pérdida Restricciones de uso No para préstamo Código de colección Localización permanente Ubicación/localización actual Ubicación en estantería Fecha de adquisición Número de inventario Total de préstamos Signatura topográfica completa Código de barras Fecha visto por última vez Precio válido a partir de Tipo de ítem Koha Número de copia
      Excluido de préstamo Monografías: Libros y Folletos General General En catalogación 31.08.2010 LF1   xxx B769q 21130-10 25.06.2020 25.06.2020 No se presta  
      Excluido de préstamo Monografías: Libros y Folletos General General En catalogación 31.08.2010 LF1   xxx B769q 21130-20 25.06.2020 25.06.2020 No se presta e.2
        Monografías: Libros y Folletos General General En catalogación 23.11.2010 LF1   xxx B769q 21130-30 25.06.2020 25.06.2020 Préstamo en sala e. 3

Powered by Koha